Escaleras y toboganes : variante B /

Juego destinado a destinado a ser usado como disparador en temas relacionados con ESI.

Guardado en:
Autor Corporativo: Argentina. Ministerio de Salud. Presidencia de la Nación.
Formato: Objeto Físico
Idioma:Spanish
Publicado: Buenos Aires : Ministerio de Salud. Presidencia de la Nación, 201-
Series:Talleres
Materias:
VIH
Etiquetas: Agregar Etiqueta
Sin Etiquetas, Sea el primero en etiquetar este registro!
LEADER 01186nrm a22002535a 4500
001 CEM.cems020855
008 240304s201-####ag#---############vlspa#d
005 20240304104227.0
245 1 0 |a Escaleras y toboganes :  |b variante B /  |c Argentina. Ministerio de Salud. Presidencia de la Nación. 
260 |a Buenos Aires :  |b Ministerio de Salud. Presidencia de la Nación,  |c 201-  |e (Buenos Aires) 
300 |a 1 juego (12 tarjetas rojas Cara de ..., 12 tarjetas verdes Lista de ..., 12 tarjetas celestes Dibujar, 50 tarjetas violetas Preguntas) ; en sobre transparente. 22 x 15,5 x 3,5 cm. 
490 1 |a Talleres 
500 |a Plan Nacional de prevención del embarazo no intencional en la adolescencia. 
520 |a Juego destinado a destinado a ser usado como disparador en temas relacionados con ESI. 
710 2 |a Argentina. Ministerio de Salud. Presidencia de la Nación. 
653 |a Colección Recursos Didácticos ESI 
653 |a Educación Sexual Integral 
653 |a VIH 
653 |a Sida 
653 |a Género 
653 |a Sexualidad 
653 |a Reproducción 
653 |a Enfermedades de Transmisión Sexual 
859 |a CEMS  |b BIB. CEMS - 11 de abril  |h RecursoESI  |p 29886.24  |t Ej.1